Η ψυχολογία της επιτυχίας : οι διανοητικοί δρόμοι προς τη δύναμη της εξουσίας

Αποθηκεύτηκε σε:
Λεπτομέρειες βιβλιογραφικής εγγραφής
Κύριος συγγραφέας: Atkinson, William Walker, 1862-1932
Άλλοι συγγραφείς: Ταμβάκη, Ελένη (trlf)
Μορφή: Βιβλίο
Γλώσσα:Greek
English
Δημοσίευση: Αθήνα : Κονιδάρη, 1987.
Θέματα:
Ετικέτες: Προσθήκη ετικέτας
Δεν υπάρχουν, Καταχωρήστε ετικέτα πρώτοι!

MARC

LEADER 00000cam a2200000 i 4500
001 1/68197
008 990128s1987 gr | ||| |||| ||gre||
035 |l 10047609 
040 |a GR-MyUa  |b gre  |e AACR2  
041 1 |a gre  |h eng 
082 7 |a 158   |2 (22)  
100 1 |a Atkinson, William Walker,   |d 1862-1932. 
245 1 2 |a Η ψυχολογία της επιτυχίας :   |b οι διανοητικοί δρόμοι προς τη δύναμη της εξουσίας /   |c William W.Atkinson ; μετάφραση: Ελένη Ταμβάκη.  
260 |a Αθήνα :   |b Κονιδάρη,   |c 1987.  
300 |a 147 σ. ;   |c 21 εκ.  
500 |a Τίτλος πρωτοτύπου: The psychology of success or mental paths to power.  
650 0 |a Success  |x Psychological aspects. 
700 1 |a Ταμβάκη, Ελένη,  |e trlf 
852 |a INST  |b RHODES  |e 19990128  |h 158 ATK  |p 005400005500  |q 005400005500  |t BK  |y 0 
901 |a BIBL-1999-1 
922 |a 4ΕΛΗ  |b 199806  |c ΚΠΣ/ΔΕ  |d EMVASIS 
970 |z 2000/06/ΚΑΤΕΡΙΝΑ